Pozycja Topical Term
Liczba rekordów, w których użyto hasła: 1
001 - Numer kontrolny
- control field: 40762
003 - Identyfikator numeru kontrolnego
- control field: NUKAT
005 - Data i czas ostatniej modyfikacji
- control field: 20260428095608.0
008 - Dane kontrolne kodowane (40 znaków)
- fixed length control field: 050602 ||a|znnbabn |a ana |c
010 ## - Numer kontrolny Biblioteki Kongresu
- numer kontrolny LC: s 2005245369
040 ## - Instytucja sporządzająca rekord
- inst. przygot. dane do rek. khw: KIEL 010/MC
- język haseł przedmiotowych/tezaurus: kaba
- inst. wprow. rek. khw: KIEL 010/MC
- inst. modyf. rek. khw: WA U/SS
083 #4 - DEWEY DECIMAL CLASSIFICATION NUMBER
- pojed. symbol lub pocz. z zakr. symboli: 720
- określenie wyjaśniające: Architektura
083 #4 - DEWEY DECIMAL CLASSIFICATION NUMBER
- pojed. symbol lub pocz. z zakr. symboli: 943.8
- określenie wyjaśniające: Historia Polski
083 #4 - DEWEY DECIMAL CLASSIFICATION NUMBER
- pojed. symbol lub pocz. z zakr. symboli: 730
- określenie wyjaśniające: Rzeźba
150 ## - Hasło - nazwa pospolita
- nazwa posp. lub nazwa geogr. na pocz.: Pomniki katyńskie.
450 ## - Trop zob. - nazwa pospolita
- nazwa posp. lub nazwa geogr. na pocz.: Katyń, Zbrodnia (1940)
- określnik rzeczowy: pomniki.
450 ## - Trop zob. - nazwa pospolita
- nazwa posp. lub nazwa geogr. na pocz.: Pomniki ku czci zbrodni katyńskiej.
450 ## - Trop zob. - nazwa pospolita
- nazwa posp. lub nazwa geogr. na pocz.: Pomniki ofiar zbrodni katyńskiej.
550 ## - Trop zob. też - nazwa pospolita
- podpole kontrolne: h
- nazwa posp. lub nazwa geogr. na pocz.: Katyn Memorial (Londyn, Wielka Brytania)
550 ## - Trop zob. też - nazwa pospolita
- podpole kontrolne: h
- nazwa posp. lub nazwa geogr. na pocz.: Polski Cmentarz Wojenny w Katyniu.
550 ## - Trop zob. też - nazwa pospolita
- podpole kontrolne: h
- nazwa posp. lub nazwa geogr. na pocz.: Krzyż Katyński (Warszawa, Polska ; 1981).
550 ## - Trop zob. też - nazwa pospolita
- podpole kontrolne: h
- nazwa posp. lub nazwa geogr. na pocz.: Katyn Memorial (Adelajda, Australia).
550 ## - Trop zob. też - nazwa pospolita
- podpole kontrolne: h
- nazwa posp. lub nazwa geogr. na pocz.: Katyn Memorial (Baltimore, Stany Zjednoczone).
550 ## - Trop zob. też - nazwa pospolita
- podpole kontrolne: h
- nazwa posp. lub nazwa geogr. na pocz.: Polski Cmentarz Wojenny (Charków, Ukraina).
670 ## - Źródło informacji
- źródło informacji: KABA